[Event "BIH-chT"]
[Site "Banja Vrucica"]
[Date "2009.06.13"]
[Round "8"]
[White "Palac, Mladen"]
[Black "Ilincic, Zlatko"]
[Result "1/2-1/2"]
[WhiteElo "2571"]
[BlackElo "2545"]
[PlyCount "20"]
[EventDate "2009.06.06"]
[EventType "tourn"]
[EventRounds "9"]
[EventCountry "BIH"]
[Source "ChessBase"]
[SourceDate "2009.07.02"]

1. e4 e5 2. Nf3 Nf6 3. Nxe5 d6 4. Nf3 Nxe4 5. d3 Nf6 6. d4 d5 7. Bd3 Bd6 8. O-O
O-O 9. Re1 Re8 10. Rxe8+ Qxe8 1/2-1/2

[Event "BIH-chT"]
[Site "Banja Vrucica"]
[Date "2009.06.12"]
[Round "7"]
[White "Sedlak, Nikola"]
[Black "Palac, Mladen"]
[Result "1-0"]
[WhiteElo "2572"]
[BlackElo "2571"]
[PlyCount "61"]
[EventDate "2009.06.06"]
[EventType "tourn"]
[EventRounds "9"]
[EventCountry "BIH"]
[Source "ChessBase"]
[SourceDate "2009.07.02"]

1. d4 Nf6 2. c4 e6 3. Nc3 Bb4 4. Nf3 d5 5. Qa4+ Nc6 6. a3 Bxc3+ 7. bxc3 Ne4 8.
Bb2 Nd6 9. Nd2 Bd7 10. c5 Nc4 11. Nxc4 Ne5 12. Qc2 Nxc4 13. e3 Bb5 14. Bd3 Qd7
15. O-O Na5 16. e4 Bxd3 17. Qxd3 O-O 18. Rae1 Nc4 19. Bc1 b6 20. e5 Qc6 21. Bg5
Rae8 22. Qg3 Kh8 23. Qh4 Qa4 24. f4 Nd2 25. Rf2 Ne4 26. Rf3 Nxg5 27. fxg5 Qc2
28. c6 b5 29. Ref1 Kg8 30. g6 fxg6 31. Qe7 1-0

[Event "BIH-chT"]
[Site "Banja Vrucica"]
[Date "2009.06.11"]
[Round "6"]
[White "Palac, Mladen"]
[Black "Balogh, Csaba"]
[Result "1/2-1/2"]
[WhiteElo "2571"]
[BlackElo "2609"]
[PlyCount "32"]
[EventDate "2009.06.06"]
[EventType "tourn"]
[EventRounds "9"]
[EventCountry "BIH"]
[Source "ChessBase"]
[SourceDate "2009.07.02"]

1. e4 e5 2. Nf3 Nc6 3. Bb5 Nf6 4. d3 Bc5 5. c3 O-O 6. O-O Re8 7. Nbd2 a6 8.
Bxc6 dxc6 9. Nc4 Nd7 10. b4 Bd6 11. Bg5 f6 12. Be3 Nf8 13. Nh4 g6 14. Nxd6 cxd6
15. Qd2 d5 16. f3 Ne6 1/2-1/2

[Event "BIH-chT"]
[Site "Banja Vrucica"]
[Date "2009.06.10"]
[Round "5"]
[White "Miladinovic, Igor"]
[Black "Palac, Mladen"]
[Result "1/2-1/2"]
[WhiteElo "2571"]
[BlackElo "2571"]
[PlyCount "20"]
[EventDate "2009.06.06"]
[EventType "tourn"]
[EventRounds "9"]
[EventCountry "BIH"]
[Source "ChessBase"]
[SourceDate "2009.07.02"]

1. d4 d5 2. c4 c6 3. cxd5 cxd5 4. Nc3 Nf6 5. Bf4 Nc6 6. e3 Bf5 7. Bd3 Bxd3 8.
Qxd3 e6 9. Nf3 Bd6 10. Bxd6 Qxd6 1/2-1/2

[Event "BIH-chT"]
[Site "Banja Vrucica"]
[Date "2009.06.09"]
[Round "4"]
[White "Palac, Mladen"]
[Black "Nikolic, Predrag"]
[Result "1/2-1/2"]
[WhiteElo "2571"]
[BlackElo "2618"]
[PlyCount "25"]
[EventDate "2009.06.06"]
[EventType "tourn"]
[EventRounds "9"]
[EventCountry "BIH"]
[Source "ChessBase"]
[SourceDate "2009.07.02"]

1. e4 e5 2. Nf3 Nc6 3. Bb5 a6 4. Ba4 Nf6 5. O-O Be7 6. Re1 b5 7. Bb3 d6 8. c3
O-O 9. h3 Re8 10. d4 Bb7 11. Ng5 Rf8 12. Nf3 Re8 13. Ng5 1/2-1/2

[Event "BIH-chT"]
[Site "Banja Vrucica"]
[Date "2009.06.08"]
[Round "3"]
[White "Palac, Mladen"]
[Black "Solak, Dragan"]
[Result "1/2-1/2"]
[WhiteElo "2571"]
[BlackElo "2590"]
[PlyCount "61"]
[EventDate "2009.06.06"]
[EventType "tourn"]
[EventRounds "9"]
[EventCountry "BIH"]
[Source "ChessBase"]
[SourceDate "2009.07.02"]

1. e4 c6 2. d4 d5 3. Nc3 dxe4 4. Nxe4 Bf5 5. Ng3 Bg6 6. h4 h6 7. Nf3 Nd7 8. h5
Bh7 9. Bd3 Bxd3 10. Qxd3 e6 11. Bd2 Ngf6 12. O-O-O Be7 13. Ne4 Nxe4 14. Qxe4
Nf6 15. Qd3 Ng4 16. Qe2 Qd5 17. c4 Qf5 18. Ne1 Bg5 19. f3 Nf6 20. g4 Bxd2+ 21.
Qxd2 Qg5 22. Qxg5 hxg5 23. Nd3 Ke7 24. Kd2 Rh6 25. Rhe1 g6 26. hxg6 Rxg6 27.
Rh1 Rgg8 28. Ke3 Rh8 29. Nc5 b6 30. Nd3 Nd7 31. b3 1/2-1/2

[Event "BIH-chT"]
[Site "Banja Vrucica"]
[Date "2009.06.07"]
[Round "2"]
[White "Eljanov, Pavel"]
[Black "Palac, Mladen"]
[Result "1-0"]
[WhiteElo "2693"]
[BlackElo "2571"]
[PlyCount "91"]
[EventDate "2009.06.06"]
[EventType "tourn"]
[EventRounds "9"]
[EventCountry "BIH"]
[Source "ChessBase"]
[SourceDate "2009.07.02"]

1. d4 Nf6 2. c4 e6 3. g3 Bb4+ 4. Bd2 Be7 5. Bg2 d5 6. Nf3 c6 7. Qc2 b6 8. Bf4
O-O 9. O-O Ba6 10. b3 Nbd7 11. Rd1 Rc8 12. Nc3 Qe8 13. e4 dxc4 14. bxc4 Bxc4
15. Nd2 Ba6 16. Qa4 Bd3 17. Nb3 Bc2 18. Rdc1 Bxb3 19. axb3 a5 20. e5 Nd5 21.
Nxd5 cxd5 22. Bf1 Nb8 23. Rxc8 Qxc8 24. Rc1 Qb7 25. Qb5 Bb4 26. h4 h6 27. Be3
Rd8 28. h5 Ba3 29. Rc2 Rd7 30. Bd3 Bf8 31. Kg2 Rc7 32. Rxc7 Qxc7 33. Bb1 Qc3
34. Qxb6 Nc6 35. Qb7 Nxd4 36. Bg6 fxg6 37. hxg6 Qb4 38. Qf7+ Kh8 39. Bxd4 Qe7
40. Qxe7 Bxe7 41. g4 Kg8 42. f4 Kf8 43. f5 Bb4 44. f6 Kg8 45. f7+ Kh8 46. Bb6
1-0

[Event "BIH-chT"]
[Site "Banja Vrucica"]
[Date "2009.06.06"]
[Round "1"]
[White "Palac, Mladen"]
[Black "Jankovic, Alojzije"]
[Result "1/2-1/2"]
[WhiteElo "2571"]
[BlackElo "2540"]
[PlyCount "37"]
[EventDate "2009.06.06"]
[EventType "tourn"]
[EventRounds "9"]
[EventCountry "BIH"]
[Source "ChessBase"]
[SourceDate "2009.07.02"]

1. e4 c5 2. Nf3 d6 3. Bb5+ Bd7 4. Bxd7+ Qxd7 5. O-O Nf6 6. Qe2 Nc6 7. Rd1 Rc8
8. c3 e6 9. d4 cxd4 10. Bg5 d3 11. Rxd3 Ng4 12. Na3 Nge5 13. Nxe5 Nxe5 14. Rd4
a6 15. Nc4 Nxc4 16. Rxc4 Rxc4 17. Qxc4 Be7 18. Bxe7 Kxe7 19. Rd1 1/2-1/2

[Event "FRA-chT Top 16 Gp Haute"]
[Site "Le Port Marly"]
[Date "2009.05.31"]
[Round "11"]
[White "Palac, Mladen"]
[Black "Pelletier, Yannick"]
[Result "1/2-1/2"]
[WhiteElo "2571"]
[BlackElo "2559"]
[PlyCount "29"]
[EventDate "2009.05.28"]
[EventType "tourn"]
[EventRounds "11"]
[EventCountry "FRA"]
[SourceDate "2009.06.03"]

1. e4 d6 2. Nc3 Nf6 3. f4 e5 4. Nf3 exf4 5. d4 Nh5 6. Be2 g6 7. O-O Bg4 8. Nd5
Bh6 9. Ne1 Bxe2 10. Qxe2 O-O 11. Nd3 Nd7 12. N3xf4 Nxf4 13. Bxf4 Bg7 14. c3 Nb6
15. Nxb6 1/2-1/2

[Event "FRA-chT Top 16 Gp Haute"]
[Site "Le Port Marly"]
[Date "2009.05.29"]
[Round "9"]
[White "Palac, Mladen"]
[Black "Riff, Jean Noel"]
[Result "0-1"]
[WhiteElo "2571"]
[BlackElo "2507"]
[PlyCount "49"]
[EventDate "2009.05.28"]
[EventType "tourn"]
[EventRounds "11"]
[EventCountry "FRA"]
[SourceDate "2009.06.03"]

1. e4 c5 2. Nf3 d6 3. d4 Nf6 4. Nc3 cxd4 5. Nxd4 e6 6. Be2 Be7 7. Be3 Nc6 8. f4
O-O 9. O-O e5 10. Nxc6 bxc6 11. Kh1 exf4 12. Bxf4 Be6 13. Qd3 Qb8 14. Qg3 Ne8
15. Rad1 Kh8 16. b3 Qb4 17. e5 d5 18. Na4 f5 19. c3 Qa5 20. Be3 Nc7 21. Bd3 Bf7
22. Qf2 f4 23. Bd2 Bh5 24. Be2 Bxe2 25. Qxe2 0-1

[Event "CRO-Cup 18th"]
[Site "Sibenik"]
[Date "2009.05.23"]
[Round "4"]
[White "Jovanovic, Zoran2"]
[Black "Palac, Mladen"]
[Result "1/2-1/2"]
[WhiteElo "2525"]
[BlackElo "2571"]
[PlyCount "30"]
[EventDate "2009.05.20"]
[EventType "tourn"]
[EventRounds "5"]
[EventCountry "CRO"]
[SourceDate "2009.06.03"]

1. e4 c5 2. Nf3 d6 3. d4 cxd4 4. Qxd4 a6 5. Be3 Nf6 6. Nc3 Nbd7 7. O-O-O e5 8.
Qa4 Rb8 9. Bc4 Be7 10. Bxf7+ Kxf7 11. Qb3+ Kf8 12. Ng5 Qe8 13. Ne6+ Kg8 14.
Ng5+ Kf8 15. Ne6+ Kg8 1/2-1/2

[Event "CRO-Cup 18th"]
[Site "Sibenik"]
[Date "2009.05.21"]
[Round "2"]
[White "Rezan, Sasa"]
[Black "Palac, Mladen"]
[Result "0-1"]
[WhiteElo "2430"]
[BlackElo "2571"]
[PlyCount "66"]
[EventDate "2009.05.20"]
[EventType "tourn"]
[EventRounds "5"]
[EventCountry "CRO"]
[SourceDate "2009.06.03"]

1. e4 c5 2. Nf3 d6 3. d4 cxd4 4. Nxd4 Nf6 5. Nc3 a6 6. Bc4 e6 7. O-O Be7 8. Bb3
O-O 9. f4 b5 10. e5 dxe5 11. fxe5 Nfd7 12. Bf4 Nc5 13. Rf3 b4 14. Nce2 Bb7 15.
Rh3 Be4 16. c3 Nxb3 17. axb3 bxc3 18. bxc3 Qd5 19. Ng3 Bxg2 20. Rh5 Be4 21.
Nxe4 Qxe4 22. Qb1 Qxb1+ 23. Rxb1 Bc5 24. Be3 Nd7 25. b4 Ba7 26. c4 a5 27. b5
Rfc8 28. Nc2 Rxc4 29. Bxa7 Rxa7 30. Ne3 Rc5 31. Rh4 Nxe5 32. Kf1 Rb7 33. Rd4 f6
0-1

[Event "CRO-Cup 18th"]
[Site "Sibenik"]
[Date "2009.05.20"]
[Round "1"]
[White "Palac, Mladen"]
[Black "Orak, Ljubomir"]
[Result "1-0"]
[WhiteElo "2571"]
[BlackElo "2329"]
[PlyCount "55"]
[EventDate "2009.05.20"]
[EventType "tourn"]
[EventRounds "5"]
[EventCountry "CRO"]
[SourceDate "2009.06.03"]

1. e4 e5 2. Nf3 Nc6 3. Bb5 a6 4. Ba4 Nf6 5. d3 d6 6. c3 Bd7 7. O-O Be7 8. Re1
O-O 9. Nbd2 b5 10. Bc2 Re8 11. Nf1 h6 12. d4 Bf8 13. h3 g6 14. Ng3 Bg7 15. Be3
exd4 16. cxd4 d5 17. e5 Nh7 18. Qd2 h5 19. Ng5 Nxg5 20. Bxg5 Qc8 21. Bf6 Bxh3
22. gxh3 Qxh3 23. Bxg7 Kxg7 24. Nf5+ gxf5 25. Re3 Qh4 26. Rg3+ Kf8 27. Qh6+ Ke7
28. Qxc6 1-0

[Event "CRO-ch playoff"]
[Site "Zagreb"]
[Date "2009.04.08"]
[Round "3"]
[White "Saric, Ivan"]
[Black "Palac, Mladen"]
[Result "0-1"]
[WhiteElo "2576"]
[BlackElo "2571"]
[PlyCount "96"]
[EventDate "2009.04.06"]
[EventType "match"]
[EventRounds "4"]
[EventCountry "CRO"]
[Source "Chessbase"]
[SourceDate "2009.04.23"]

1. e4 c5 2. Nf3 d6 3. d4 cxd4 4. Nxd4 Nf6 5. Nc3 a6 6. Be3 e5 7. Nde2 Be6 8. f4
Nbd7 9. f5 Bc4 10. Ng3 Rc8 11. Bxc4 Rxc4 12. Qd3 Qc7 13. O-O-O Be7 14. Bg5 b5
15. Kb1 O-O 16. Bxf6 Nxf6 17. Nf1 b4 18. Nd5 Nxd5 19. Qxd5 Bg5 20. h4 Bh6 21.
Qd3 Rc8 22. g4 Bf4 23. Ne3 Rd4 24. Nd5 Rxd3 25. Nxc7 Rxd1+ 26. Rxd1 Rxc7 27.
Rxd6 h6 28. b3 Rc3 29. a3 bxa3 30. Rxa6 Re3 31. Ra4 Re1+ 32. Ka2 Bc1 33. Rc4
Rg1 34. g5 hxg5 35. hxg5 Rxg5 36. b4 Rg1 37. b5 Bb2 38. c3 Ra1+ 39. Kb3 Bc1 40.
Ra4 Be3 41. Ra8+ Kh7 42. Rf8 Rb1+ 43. Ka2 Rxb5 44. Rxf7 Bc1 45. f6 Rb2+ 46. Ka1
Kg6 47. Rxg7+ Kxf6 48. Rg3 Re2 0-1

[Event "CRO-ch playoff"]
[Site "Zagreb"]
[Date "2009.04.07"]
[Round "2"]
[White "Palac, Mladen"]
[Black "Saric, Ivan"]
[Result "1-0"]
[WhiteElo "2571"]
[BlackElo "2576"]
[PlyCount "125"]
[EventDate "2009.04.06"]
[EventType "match"]
[EventRounds "4"]
[EventCountry "CRO"]
[Source "Chessbase"]
[SourceDate "2009.04.23"]

1. e4 c5 2. Nf3 e6 3. Be2 Nc6 4. O-O g5 5. c3 Bg7 6. d3 g4 7. Ne1 h5 8. Be3 d6
9. Nd2 Nge7 10. Nc2 f5 11. f3 Ng6 12. d4 f4 13. Bf2 g3 14. hxg3 Qg5 15. Qe1
cxd4 16. cxd4 fxg3 17. Bxg3 Nxd4 18. Nxd4 Bxd4+ 19. Kh1 h4 20. Bh2 Rg8 21. f4
Nxf4 22. Bf3 Ke7 23. e5 Bxe5 24. Ne4 Qh6 25. Rd1 Rd8 26. Qe3 d5 27. Nf2 Bb8 28.
Nh3 d4 29. Bxf4 Bxf4 30. Qxf4 Qxf4 31. Nxf4 e5 32. Ng6+ Kd6 33. Be4 Re8 34.
Rf6+ Be6 35. b3 Rac8 36. Nxh4 Rh8 37. g3 Ke7 38. Rf2 Rcg8 39. Kh2 b6 40. Rc1
Rg4 41. Bf3 Rg5 42. Rc7+ Kd6 43. Rc6+ Kd7 44. Rfc2 d3 45. Rd2 Bf5 46. Rc4 Ke6
47. Kg2 Bh7 48. Be4 Bxe4+ 49. Rxe4 Kd5 50. Rb4 e4 51. Rb5+ Kd4 52. Rxg5 e3 53.
Nf3+ Kc3 54. Rxd3+ Kxd3 55. Rd5+ Ke2 56. Ng1+ Ke1 57. Nf3+ Ke2 58. Nd4+ Kd3 59.
Kf3 Rf8+ 60. Nf5+ Kc2 61. Kxe3 Kb1 62. a4 Kb2 63. Nd4 1-0

[Event "CRO-ch playoff"]
[Site "Zagreb"]
[Date "2009.04.06"]
[Round "1"]
[White "Saric, Ivan"]
[Black "Palac, Mladen"]
[Result "0-1"]
[WhiteElo "2576"]
[BlackElo "2571"]
[PlyCount "64"]
[EventDate "2009.04.06"]
[EventType "match"]
[EventRounds "4"]
[EventCountry "CRO"]
[Source "Chessbase"]
[SourceDate "2009.04.23"]

1. e4 c5 2. Nf3 d6 3. d4 cxd4 4. Nxd4 Nf6 5. Nc3 a6 6. Be3 e5 7. Nde2 Be6 8. f4
Nbd7 9. f5 Bc4 10. Ng3 Rc8 11. Bxc4 Rxc4 12. Qd3 Qc8 13. O-O-O b5 14. Kb1 h6
15. Nf1 Rxc3 16. bxc3 Qc6 17. Nd2 Be7 18. Rhg1 Ng4 19. Rge1 O-O 20. Bg1 Rc8 21.
h3 Ngf6 22. g4 Nc5 23. Bxc5 Qxc5 24. Nb3 Qc7 25. Qg3 a5 26. Rd3 b4 27. cxb4 a4
28. Qg2 axb3 29. cxb3 d5 30. exd5 Bxb4 31. Red1 Ba3 32. Qd2 Ne4 0-1

[Event "Nova Gorica op 14th"]
[Site "Nova Gorica"]
[Date "2009.02.06"]
[Round "8"]
[White "Simutowe, Amon"]
[Black "Palac, Mladen"]
[Result "1/2-1/2"]
[WhiteElo "2485"]
[BlackElo "2553"]
[PlyCount "130"]
[EventDate "2009.01.31"]
[EventType "swiss"]
[EventRounds "9"]
[EventCountry "SLO"]
[SourceDate "2009.02.11"]

1. e4 c5 2. Nf3 Nc6 3. d4 cxd4 4. Nxd4 Nf6 5. Nc3 d6 6. f3 e5 7. Nb3 Be7 8. Be3
Be6 9. Qd2 d5 10. exd5 Nxd5 11. Nxd5 Qxd5 12. Qxd5 Bxd5 13. O-O-O O-O-O 14. Bb5
Kc7 15. Rd2 a6 16. Be2 h6 17. Rhd1 Bxb3 18. Rxd8 Bxd8 19. axb3 Bg5 20. Bd2 f5
21. c3 Bxd2+ 22. Rxd2 h5 23. Bc4 Rh6 24. b4 h4 25. Bd3 g6 26. Kd1 Nb8 27. Re2
Nd7 28. Bc4 Rh7 29. Ke1 Re7 30. Kf2 Nf6 31. g3 hxg3+ 32. hxg3 e4 33. Bb3 Kd6
34. Rd2+ Kc6 35. Re2 g5 36. Bc2 Kd5 37. Bb3+ Ke5 38. Bc2 Rd7 39. Kg2 g4 40.
fxe4 fxe4 41. Kf2 Rh7 42. Kg2 Rh3 43. Re1 Rh5 44. Bb3 Rf5 45. Bd1 Rf3 46. Bc2
e3 47. Rf1 Rxf1 48. Kxf1 Nh5 49. Ke2 Nxg3+ 50. Kxe3 Nf5+ 51. Ke2 Kf4 52. Bd3
Ng3+ 53. Kf2 Ne4+ 54. Kg2 Nd2 55. b5 a5 56. b6 Ne4 57. Bb5 Nf6 58. b4 axb4 59.
cxb4 Ke3 60. Kg3 Kd4 61. Bf1 Nd5 62. Ba6 Nxb6 63. Bxb7 Kc4 64. Bc8 Kxb4 65.
Bxg4 Nd5 1/2-1/2

[Event "Nova Gorica op 14th"]
[Site "Nova Gorica"]
[Date "2009.02.03"]
[Round "5"]
[White "Palac, Mladen"]
[Black "Pavasovic, Dusko"]
[Result "1/2-1/2"]
[WhiteElo "2553"]
[BlackElo "2598"]
[PlyCount "21"]
[EventDate "2009.01.31"]
[EventType "swiss"]
[EventRounds "9"]
[EventCountry "SLO"]
[SourceDate "2009.02.11"]

1. e4 e5 2. Bc4 Nf6 3. d3 Nc6 4. Nf3 Be7 5. O-O O-O 6. Re1 d6 7. c3 Na5 8. Bb5
a6 9. Ba4 c5 10. Nbd2 b5 11. Bc2 1/2-1/2

[Event "Nova Gorica op 14th"]
[Site "Nova Gorica"]
[Date "2009.02.01"]
[Round "3"]
[White "Palac, Mladen"]
[Black "Kokol, Peter"]
[Result "1-0"]
[WhiteElo "2553"]
[BlackElo "2332"]
[PlyCount "67"]
[EventDate "2009.01.31"]
[EventType "swiss"]
[EventRounds "9"]
[EventCountry "SLO"]
[SourceDate "2009.02.11"]

1. e4 c5 2. Nf3 Nc6 3. Bb5 g6 4. O-O Bg7 5. c3 Nf6 6. d3 O-O 7. Be3 d6 8. h3 h6
9. Nbd2 Bd7 10. Ba4 e5 11. Re1 Nh5 12. Nf1 Rb8 13. d4 b5 14. Bc2 f5 15. exf5
gxf5 16. dxe5 f4 17. exd6 fxe3 18. Qd5+ Kh8 19. Qxh5 exf2+ 20. Kxf2 Qf6 21. Kg1
b4 22. Ne3 bxc3 23. bxc3 Be8 24. Qd5 Rb2 25. d7 Bf7 26. Qe4 Rxc2 27. Qxc2 Qxc3
28. Rac1 Qxc2 29. Rxc2 Be6 30. Rd1 Bf6 31. Rxc5 Nb8 32. Rc7 Bd8 33. Rb7 Nc6 34.
Rd6 1-0

[Event "Nova Gorica op 14th"]
[Site "Nova Gorica"]
[Date "2009.01.31"]
[Round "2"]
[White "Laco, Giuseppe"]
[Black "Palac, Mladen"]
[Result "0-1"]
[WhiteElo "2138"]
[BlackElo "2553"]
[PlyCount "72"]
[EventDate "2009.01.31"]
[EventType "swiss"]
[EventRounds "9"]
[EventCountry "SLO"]
[SourceDate "2009.02.11"]

1. c4 Nf6 2. Nc3 c5 3. f4 Nc6 4. e4 d6 5. h3 g6 6. Nge2 Bg7 7. d3 Nd7 8. g3 a6
9. Bg2 Rb8 10. a4 Nf8 11. Rb1 Ne6 12. O-O O-O 13. Bd2 Bd7 14. Kh2 f5 15. exf5
gxf5 16. Nd5 a5 17. Bc3 Ned4 18. Nxd4 cxd4 19. Bd2 e6 20. Nc3 dxc3 21. bxc3 b6
22. d4 Ne7 23. Rb5 Bxb5 24. cxb5 d5 25. Qe2 Qd7 26. g4 fxg4 27. hxg4 Ng6 28.
Kg3 Qd6 29. Bh3 Rbe8 30. g5 Rf7 31. Qg4 e5 32. dxe5 Bxe5 33. fxe5 Qxe5+ 34. Bf4
Nxf4 35. Rxf4 Qe1+ 36. Kh2 Qd2+ 0-1

[Event "Nova Gorica op 14th"]
[Site "Nova Gorica"]
[Date "2009.01.31"]
[Round "1"]
[White "Palac, Mladen"]
[Black "Srebrnic, Marko"]
[Result "1-0"]
[WhiteElo "2553"]
[BlackElo "2323"]
[PlyCount "85"]
[EventDate "2009.01.31"]
[EventType "swiss"]
[EventRounds "9"]
[EventCountry "SLO"]
[SourceDate "2009.02.11"]

1. e4 c5 2. Nf3 Nc6 3. d4 cxd4 4. Nxd4 e5 5. Nb5 d6 6. N1c3 a6 7. Na3 b5 8. Nd5
Nf6 9. Bg5 Be7 10. Bxf6 Bxf6 11. c4 b4 12. Nc2 a5 13. g3 O-O 14. h4 Rb8 15. Qf3
Be7 16. Bh3 Be6 17. b3 Qc8 18. Bf5 Bd8 19. Qg4 Kh8 20. h5 h6 21. Rd1 Re8 22.
O-O Ne7 23. Nxe7 Bxe7 24. Rd5 Ra8 25. Ne3 Ra6 26. Rfd1 Bf8 27. c5 Qc6 28. cxd6
Bxd5 29. Rxd5 Rd8 30. d7 Bc5 31. Qh4 Raa8 32. Nc4 Bd4 33. Qe7 Kg8 34. Nd6 Rf8
35. Nxf7 Qc1+ 36. Kg2 Qb2 37. Nxh6+ Kh8 38. Nf7+ Kg8 39. Nh6+ Kh8 40. Nf7+ Kg8
41. Rxd4 Qxd4 42. h6 Rxf7 43. h7+ 1-0

[Event "Lodi op 3rd"]
[Site "Lodi"]
[Date "2007.06.10"]
[Round "4"]
[White "Palac, Mladen"]
[Black "Mrdja, Milan"]
[Result "1/2-1/2"]
[WhiteElo "2568"]
[BlackElo "2367"]
[PlyCount "98"]
[EventDate "2007.06.08"]
[EventType "swiss"]
[EventRounds "5"]
[EventCountry "ITA"]
[SourceDate "2009.01.28"]

1. e4 d5 2. exd5 Qxd5 3. Nc3 Qe5+ 4. Be2 c6 5. d4 Qc7 6. Nf3 Nf6 7. Bg5 Bf5 8.
Bd3 Bxd3 9. Qxd3 Nbd7 10. Ne4 e6 11. Nxf6+ gxf6 12. Bh4 Be7 13. O-O-O O-O-O 14.
Kb1 Ne5 15. Nxe5 fxe5 16. Bg3 Bd6 17. Qe3 exd4 18. Rxd4 c5 19. Rd3 Qc6 20. Rhd1
Bxg3 21. hxg3 Rxd3 22. Qxd3 Qc7 23. Qc3 Re8 24. Qf6 Qe7 25. Qxe7 Rxe7 26. Kc1
Kc7 27. Rh1 f6 28. Kd2 b5 29. Ke3 Kd6 30. Rd1+ Kc6 31. g4 Rd7 32. Rh1 Kd5 33.
Rh5+ Kd6 34. Rh6 Rf7 35. f3 b4 36. Ke4 c4 37. Kd4 b3 38. axb3 cxb3 39. c4 a5
40. Kc3 a4 41. Kb4 Ra7 42. Rh1 Rb7+ 43. Kxa4 Kc5 44. Rc1 f5 45. gxf5 exf5 46.
f4 h5 47. g3 Rb8 48. Rc3 Rb7 49. Ka3 Rb8 1/2-1/2

[Event "Lodi op 3rd"]
[Site "Lodi"]
[Date "2007.06.09"]
[Round "3"]
[White "Pokorna, Regina"]
[Black "Palac, Mladen"]
[Result "0-1"]
[WhiteElo "2343"]
[BlackElo "2568"]
[PlyCount "122"]
[EventDate "2007.06.08"]
[EventType "swiss"]
[EventRounds "5"]
[EventCountry "ITA"]
[SourceDate "2009.01.28"]

1. e4 c5 2. Nf3 d6 3. d4 cxd4 4. Nxd4 Nf6 5. Nc3 a6 6. Bc4 e6 7. a3 Be7 8. Ba2
O-O 9. O-O Nc6 10. Kh1 Bd7 11. f4 Rc8 12. Be3 b5 13. Qf3 Nxd4 14. Bxd4 a5 15.
e5 dxe5 16. fxe5 Bc6 17. Qd3 Nd7 18. Ne4 Qc7 19. Nf6+ gxf6 20. Qg3+ Kh8 21.
exf6 Bxf6 22. Qxc7 Rxc7 23. Bxf6+ Nxf6 24. Rxf6 Be4 25. Rf4 f5 26. c3 e5 27.
Rf2 b4 28. cxb4 axb4 29. Kg1 Rfc8 30. Be6 Rc1+ 31. Rxc1 Rxc1+ 32. Rf1 Rc2 33.
Rf2 Rc1+ 34. Rf1 Rc2 35. Rf2 Rc6 36. Bd7 Rc7 37. Bb5 bxa3 38. bxa3 Rc1+ 39. Rf1
Rc2 40. Rf2 Rc3 41. a4 Kg7 42. Rd2 Ra3 43. Kf2 Kf6 44. h4 f4 45. Rd6+ Ke7 46.
Rd2 Ba8 47. Rd7+ Ke6 48. Rxh7 Ra2+ 49. Ke1 Rxg2 50. a5 e4 51. Rh8 Bd5 52. a6
Rb2 53. Rh6+ Ke5 54. a7 Rb1+ 55. Ke2 f3+ 56. Kf2 Rxb5 57. Rh5+ Kf4 58. Rxd5 e3+
59. Kg1 Rb1+ 60. Kh2 Ra1 61. Rd4+ Ke5 0-1

[Event "SLO-chT"]
[Site "Murska Sobota"]
[Date "2008.12.13"]
[Round "8"]
[White "Palac, Mladen"]
[Black "Pavasovic, Dusko"]
[Result "1/2-1/2"]
[WhiteElo "2583"]
[BlackElo "2597"]
[PlyCount "21"]
[EventDate "2008.12.06"]
[EventType "tourn"]
[EventRounds "9"]
[EventCountry "SLO"]
[SourceDate "2008.12.17"]

1. e4 e5 2. Nf3 Nc6 3. Bc4 Nf6 4. d3 Be7 5. O-O O-O 6. Re1 d6 7. a3 Be6 8. Nbd2
Qd7 9. Nf1 Rfe8 10. Bd2 Rad8 11. Ng3 1/2-1/2

[Event "SLO-chT"]
[Site "Murska Sobota"]
[Date "2008.12.11"]
[Round "6"]
[White "Palac, Mladen"]
[Black "Sermek, Drazen"]
[Result "1/2-1/2"]
[WhiteElo "2583"]
[BlackElo "2535"]
[PlyCount "68"]
[EventDate "2008.12.06"]
[EventType "tourn"]
[EventRounds "9"]
[EventCountry "SLO"]
[SourceDate "2008.12.17"]

1. e4 e5 2. Nf3 Nc6 3. Bb5 a6 4. Ba4 d6 5. c3 Bd7 6. d4 Nge7 7. Be3 Ng6 8. h4
Be7 9. g3 h6 10. d5 Nb8 11. Bxd7+ Nxd7 12. c4 Nf6 13. Nc3 Ng4 14. Bd2 Qd7 15.
h5 Nf8 16. Nh4 Bxh4 17. Rxh4 Nf6 18. Qe2 Qe7 19. O-O-O O-O-O 20. Kb1 N8d7 21.
f3 Kb8 22. Rdh1 Rhe8 23. Nd1 Qf8 24. Ne3 Ng8 25. Rc1 Rc8 26. Rhh1 Ne7 27. g4 c5
28. dxc6 Rxc6 29. Bb4 Nc5 30. Rhd1 Rd8 31. Rd2 Ne6 32. Qd1 Nd4 33. Bc3 Ne6 34.
Bb4 Nd4 1/2-1/2

[Event "SLO-chT"]
[Site "Murska Sobota"]
[Date "2008.12.09"]
[Round "4"]
[White "Palac, Mladen"]
[Black "Lenic, Luka"]
[Result "1/2-1/2"]
[WhiteElo "2583"]
[BlackElo "2569"]
[PlyCount "59"]
[EventDate "2008.12.06"]
[EventType "tourn"]
[EventRounds "9"]
[EventCountry "SLO"]
[SourceDate "2008.12.17"]

1. e4 e5 2. Nf3 Nc6 3. Bb5 a6 4. Ba4 Nf6 5. O-O b5 6. Bb3 Bc5 7. c3 d6 8. d4
Bb6 9. a4 Rb8 10. Na3 O-O 11. axb5 axb5 12. Nxb5 Bg4 13. Bc2 exd4 14. cxd4 Bxf3
15. gxf3 Nh5 16. Kh1 Qh4 17. Be3 Ne5 18. Rg1 Ng6 19. Rg4 Qf6 20. Bg5 Qe6 21.
Nc3 Nf6 22. Rg1 Nh5 23. Rg4 Nf6 24. Rg1 Nh5 25. Nd5 c6 26. Nxb6 Rxb6 27. b3 Qh3
28. Bd3 Qe6 29. Bc2 Qh3 30. Bd3 1/2-1/2

[Event "SLO-chT"]
[Site "Murska Sobota"]
[Date "2008.12.08"]
[Round "3"]
[White "Kovacevic, Aleksandar"]
[Black "Palac, Mladen"]
[Result "0-1"]
[WhiteElo "2581"]
[BlackElo "2583"]
[PlyCount "124"]
[EventDate "2008.12.06"]
[EventType "tourn"]
[EventRounds "9"]
[EventCountry "SLO"]
[SourceDate "2008.12.17"]

1. e4 c5 2. Nf3 d6 3. c3 Nf6 4. Be2 g6 5. O-O Bg7 6. Bb5+ Nc6 7. d4 O-O 8. d5
Na5 9. Re1 e6 10. Bf1 exd5 11. exd5 b5 12. Bxb5 Bb7 13. Na3 Nxd5 14. Bg5 Qc7
15. Qd2 Nf6 16. Qf4 Nh5 17. Qg4 f5 18. Qh3 a6 19. Ba4 Bc6 20. Bxc6 Qxc6 21. Qh4
d5 22. Ne5 Qc7 23. Nd3 Rfe8 24. Rxe8+ Rxe8 25. Qa4 Re4 26. Qd1 h6 27. Be3 d4
28. cxd4 Bxd4 29. Bxd4 Rxd4 30. Nc2 Rd8 31. Qf3 Qd6 32. Nde1 Nc6 33. Qb3+ Kh8
34. Qc4 Ne5 35. Qh4 Ng4 36. f3 Ne5 37. Ne3 Qd4 38. Qf2 Nf4 39. Nd1 Qxf2+ 40.
Nxf2 Rd2 41. b3 c4 42. bxc4 Nxc4 43. Nd1 Ne2+ 44. Kh1 Kg7 45. Nf2 Nf4 46. Kg1
Kf6 47. a4 a5 48. h4 Ke5 49. Rb1 Ne2+ 50. Kh2 Nc3 51. Rc1 Kd4 52. Nc2+ Kc5 53.
Ne1 Kd4 54. Nh3 Ne2 55. Rb1 Ra2 56. Rd1+ Nd2 57. Nf2 Nc3 58. Rc1 Nb3 59. Nc2+
Kc5 60. Nd3+ Kd6 61. Re1 Rxc2 62. Nf4 g5 0-1

[Event "Cap d'Agde CCAS op"]
[Site "Cap d'Agde"]
[Date "2008.10.31"]
[Round "8"]
[White "Prie, Eric"]
[Black "Palac, Mladen"]
[Result "0-1"]
[WhiteElo "2491"]
[BlackElo "2583"]
[PlyCount "24"]
[EventDate "2008.10.25"]
[EventType "swiss"]
[EventRounds "9"]
[EventCountry "FRA"]
[SourceDate "2008.12.17"]

1. d4 Nf6 2. Nf3 d5 3. c4 e6 4. Nc3 Bb4 5. Bg5 h6 6. Bxf6 Qxf6 7. Rc1 dxc4 8.
Qa4+ Nc6 9. Ne5 Bd7 10. Nxd7 Qxd4 11. Rd1 Bxc3+ 12. bxc3 Qxc3+ 0-1